Podział administracyjny Paragwaju - Statystyki

Ogólne statystyki
  • Ten quiz został rozwiązany 16 razy
  • Średni wynik to 15 z 18
Statystyki odpowiedzi
Obrazkowy Odpowiedź % Poprawnych
Asuncion
100%
Boqueron
100%
Caaguazu
100%
Caazapa
100%
Concepcion
100%
Cordillera
100%
Górna Parana
100%
Górny Paragwaj
100%
Guaira
100%
Misiones
100%
Paraguari
100%
San Pedro
100%
Amambay
50%
Canindeyu
50%
Departament Centralny
50%
Neembucu
50%
Presidente Hayes
50%
Itapua
0%
Nie znaleziono quizów pasujących do podanych kryteriów
Rozkład punktacji
Procent ludzi z każdym wynikiem
Percentyl według liczby udzielonych odpowiedzi
Twoja historia wyników
Nie rozwiązałeś tego quizu